| 000 | 00661 a2200205 4500 | ||
|---|---|---|---|
| 020 | _a0130303607 | ||
| 040 |
_aDLC _bDLC |
||
| 082 | 0 | 0 | _a621.3822 |
| 100 | 1 | _aQian, Shie, | |
| 245 | 1 | 0 |
_aIntroduction to time-frequency and wavelet transforms _cShie Qian. |
| 246 | 3 | 0 | _aTime-frequency and wavelet transforms |
| 260 |
_aUpper Saddle River, NJ : _bPrentice Hall, _cc2002. |
||
| 300 |
_axi, 280 p. _bill. ; _c24 cm. |
||
| 650 | 0 |
_aSignal processing _xMathematics. |
|
| 650 | 0 |
_aSystem analysis _xMathematics. |
|
| 650 | 0 | _aTime-series analysis. | |
| 650 | 0 | _aWavelets (Mathematics) | |
| 650 | 0 |
_aSystems engineering _xMathematics. |
|
| 942 |
_cBK _k621.3822 QIA _2ddc |
||
| 999 |
_c8248 _d8248 |
||